| 000 | 00631cab a22001935a 4500 | ||
|---|---|---|---|
| 001 | L144795 | ||
| 008 | 080811e20080808xxkad f s 000 0 eng d | ||
| 035 | _a(Sirsi) u144795 | ||
| 041 | 0 | _aeng | |
| 100 | 1 | _aFrost, Shelley | |
| 245 | 0 | 0 | _aLess is more |
| 260 | _c2008 | ||
| 490 | 0 |
_aProperty Week _v73(32) 8 August 2008, 51(1) |
|
| 520 | _aExplains that many businesses should use half of the space they occupy. Concludes that the workplace poffers opportunities to save costs and enhance sustainability. | ||
| 590 | _aKA | ||
| 651 | 4 | _aEurope | |
| 690 | _aPROPERTY-COMMERCIAL PROPERTY-OFFICE PROPERTY-OFFICES | ||
| 942 | _n0 | ||
| 999 |
_c80592 _d80592 |
||